000 00585nam a2200217 a 4500
001 518515
005 20180221045659.0
008 860514s1986 mdua b 101 0 eng
010 _a 86050578
020 _a0912752122
040 _aDLC
_cDLC
041 _aeng
080 _a618.92.09784 JAM
082 0 0 _a618.92.09784 JAM
_220
100 _a38
101 _aMED
245 0 0 _aOtitis media and child development /
_cedited by James F. Kavanagh.
504 _aIncludes bibliographies and indexes.
906 _a7
_bcbc
_corignew
_d3
_eocip
_f19
_gy-gencatlg
942 _2ddc
_cBK
999 _c43026
_d43026